England goalkeepers since 1990 - Statistics

General Stats
  • This quiz has been taken 465 times
  • The average score is 10 of 24
Answer Stats
Hint Answer % Correct
2025 (76) Jordan Pickford
90%
2002 (75) David Seaman
88%
2017 (75) Joe Hart
85%
2010 (53) David James
80%
1990 (125) Peter Shilton
68%
2022 (10) Nick Pope
61%
2024 (5) Aaron Ramsdale
55%
2012 (12) Rob Green
51%
2025 (3) Dean Henderson
49%
2007 (41) Paul Robinson
48%
2016 (6) Fraser Forster
42%
2014 (8) Ben Foster
36%
2011 (4) Scott Carson
31%
2018 (9) Jack Butland
30%
2002 (23) Nigel Martyn
29%
1998 (11) Tim Flowers
26%
2017 (3) Tom Heaton
24%
1993 (43) Chris Woods
22%
2023 (4) Sam Johnstone
21%
2006 (1) Chris Kirkland
20%
2004 (4) Ian Walker
20%
2001 (2) Richard Wright
17%
2012 (1) John Ruddy
10%
2018 (1) Alex McCarthy
7%
No matching quizzes found
Score Distribution
Percent of People with Each Score
Percentile by Number Answered
Your Score History
You have not taken this quiz